| 000 | 00808cam a2200277 i 4500 | ||
|---|---|---|---|
| 001 | 768714001 | ||
| 003 | CO-MdBIC | ||
| 005 | 20231130111151.0 | ||
| 008 | 231130t1975 -us||||| |||| 00| 0 spa d | ||
| 020 | _a0-311-09089-3 | ||
| 040 |
_bspa. _aCO-MdFUSB _cCO-MdFUSB _dCO-MdFUSBC _erda |
||
| 041 | _aspa | ||
| 082 | 0 | 4 | _aG 231.32 C3231v |
| 100 | 1 | _aCarter, Patricio | |
| 245 | 1 | 0 |
_aVivamos en el Espíritu cada día / Patricio Carter _c/ |
| 250 | _a3 | ||
| 264 | 1 |
_aEl Paso, TX., USA : Casa Bautista de Publicaciones _bCasa Bautista de Publicaciones, _c[1975] |
|
| 264 | 4 | _c©1975 | |
| 300 |
_a160 Pag _c; |
||
| 336 |
_atexto _btxt _2rdacontent |
||
| 337 |
_2rdamedia _asin mediación _bn |
||
| 338 |
_2rdacarrier _avolumen _bnc |
||
| 650 | 1 | 0 |
_aEspíritu Santo _950 |
| 942 | _cBK | ||
| 945 | _ajohan1477 | ||
| 999 |
_c34490 _d34490 |
||